000 01272nam0a22003251 4500
001 RU\NLR\INFOCOMM_161\5000058754
005 20260406110508.0
035 _a(NLR Aleph) 009158328
090 _a8438120
_c8438120
100 _a20100129d1968 |||y0rusy50 ca
101 1 _afre
_crus
102 _aRU
105 _ay ||||000|y
200 1 _aDiscours du camarade L. Brejnev au V-e Congrès du Parti Ouvrier Unifié Polonais le 12 novembre 1968
210 _aΜ.
_cÉd. de l'Agence de presse "Novosti"
_d[1968]
215 _a17 с.
_d20 см
300 _aНа обл. авт. не указан
300 _aНа обороте тит. л.: Л. И. Брежнев. Интернационализм в действии. Речь на V съезде ПОРП
512 1 _aL'internationalisme en action
686 _aКП(1)2894
_2rubbk
686 _aИД782[Т3(4П)72, 011
_2rubbk
686 _aКП(По)[Ф61(4П)27, 011]
_2rubbk
686 _aФ61(0)6, 011
_2rubbk
700 1 _4070
_8rus
_7ca
_aBrežnev
_bL. I.
_f1906-1982
_gLeonid Il'ič
_3RU\NLR\AUTH\77109814
_992739
712 0 2 _aParti ouvrier unifié polonais
_bCongrès
_d5
_eVarsovie
_f1968
_4570
801 1 _aRU
_bNLR
_c20100129
801 0 _aRU
_bNLR
_gPSBO
852 _aNLR
_jИ31 Д-4/10
942 _cBOOK
980 _aNB